Statistics for Countries with the Most COVID-19 Deaths

Click here to take the quiz!

General Stats

  • This quiz has been taken 1,160 times
    (765 since last reset)
  • The average score is 11 of 14

Answer Stats

# of deathsAnswer% Correct
292,034United States
100%
63,179United Kingdom
94%
141,772India
91%
62,626Italy
91%
57,044France
90%
179,765Brazil
89%
44,769Russia
88%
111,655Mexico
85%
47,344Spain
84%
40,431Argentina
69%
38,484Colombia
61%
51,496Iran
57%
36,401Peru
55%
22,747South Africa
52%

Score Distribution

Percentile by Number Answered

Percent of People with Each Score

Your Score History

You have not taken this quiz since the last reset